000 00936cam a2200253Ia 4500
008
020 _a9781907161452 (pbk.)
049 _aMAIN
090 _aGB651
_bSED
245 0 0 _aSediment dynamics from the summit to the sea /
_cprinciple editor, Y. Jun Xu.
260 _aWallingford :
_bIAHS Press,
_c2014.
300 _ax, 470 p. :
_bill. ;
_c24 cm.
440 0 _aInternational Association of Hydrological Sciences (IAHS) IAHS Series of Proceedings and Reports Publication ;
_vNo. 367.
500 _a"Proceedings of ICCE2014, New Orleans, USA December 2014."
504 _aIncludes bibliographical references.
650 0 _aSedimentation and deposition.
700 1 _aXu, Y. Jun.
710 2 _aInternational Association of Hydrological Sciences.
907 _a.b10357361
_b27-04-15
_c27-04-15
003
005 20230123122139.0
040 _cNUST
942 _cBOOKS
_kGB651
_mSED
999 _c128606
_d128606